000 00706nam a22002177a 4500
003 OSt
005 20251024020632.0
008 251014b |||||||| |||| 00| 0 eng d
020 _a978-0-470-13543-3.
040 _aDWCL-Main lib
_cOC
082 _aCirc. 627 J61h 2008
100 _aJi, Zhen-Gang
245 _aHydrodynamics and water quality :
_bmodeling rivers, lakes and estuaries
260 _aN. J. :
_bJohn Wiley & Sons, Inc.,
_cc2008.
300 _axxii, 676 pages :
_billustration ;
_c24 cm. + 1 CD-ROM.
504 _aIncludes index.
650 _21. Hydraulic engineering.
650 _22. Hydrodynamics
650 _23. Water quality-Measurement-Mathematics.
942 _2ddc
_cBK-CIRC
_kCirc.
_n0
999 _c4895
_d4895